| Tag |
First Indicator |
Second Indicator |
Subfields |
| LEADER |
00000cam a2200000 a 4500 |
| 001 |
in00002557310 |
| 005 |
20151201151620.0 |
| 008 |
090615s2010 caua b 000 0 eng d |
| 020 |
|
|
|a 9781608451210 (pbk.)
|
| 020 |
|
|
|a 1608451216 (pbk.)
|
| 035 |
|
|
|a (OCoLC)ocn401167355
|
| 040 |
|
|
|a BTCTA
|c BTCTA
|d YDX
|d BWX
|d UMR
|d TXA
|d UtOrBLW
|
| 049 |
|
|
|a TXAM
|
| 082 |
0 |
|
|a 028.7
|
| 090 |
|
|
|a ZA4230
|b .M67 2010
|
| 100 |
1 |
|
|a Morris, Meredith Ringel.
|
| 245 |
1 |
0 |
|a Collaborative Web search :
|b who, what, where, when, and why /
|c Meredith Ringel Morris and Jaime Teevan.
|
| 264 |
|
1 |
|a [San Rafael, Calif.] :
|b Morgan & Claypool Publishers,
|c [2010]
|
| 264 |
|
4 |
|c ©2010
|
| 300 |
|
|
|a xiii, 85 pages :
|b illustrations ;
|c 24 cm.
|
| 336 |
|
|
|a text
|b txt
|2 rdacontent
|
| 337 |
|
|
|a unmediated
|b n
|2 rdamedia
|
| 338 |
|
|
|a volume
|b nc
|2 rdacarrier
|
| 490 |
1 |
|
|a Synthesis lectures on information concepts, retrieval, and services ;
|v #14
|
| 504 |
|
|
|a Includes bibliographical references (pages 77-83).
|
| 505 |
0 |
|
|a Acknowledgments -- Credits -- 1. Introduction: 1.1. Collaborative search in context; 1.2. Scenario: collaboration today; 1.3. Overview of lecture -- 2. Who?: 2.1. Specific populations; 2.2. Relationships among collaborators; 2.3. Who: conclusions and future directions -- 3. What?: 3.1. Collaborative search tasks; 3.2. Collaborative strategies and tactics; 3.3. What: conclusions and future directions -- 4. Where?: 4.1. Remote collaboration; 4.2. Co-located collaboration; 4.2.1. Example: CoSearch; 4.2.2. Example:WeSearch; 4.3. Where: conclusions and future directions -- 5. When?: 5.1. Asynchronous collaboration; 5.1.1. Example: S3 (storable, shareable search); 5.2. Synchronous collaboration; 5.2.1. Example: CoSense; 5.3. When: conclusions and future directions -- 6. Why?: 6.1. Shared interest in a topic; 6.2. Shared social interests; 6.3. Introducing potential collaborators; 6.4. Why: conclusions and future directions -- 7. Conclusion: how? : 7.1. Scenario: collaboration tomorrow -- Glossary -- Bibliography -- Authors' biographies.
|
| 520 |
3 |
|
|a Today, Web search is treated as a solitary experience. Web browsers and search engines are typically designed to support a single user, working alone. However, collaboration on information-seeking tasks is actually commonplace. Students work together to complete homework assignments, friends seek information about joint entertainment opportunities, family members jointly plan vacation travel and colleagues jointly conduct research for their projects. As improved networking technologies and the rise of social media simplify the process of remote collaboration, and large, novel display form-factors simplify the process of co-located group work, researchers have begun to explore ways to facilitate collaboration on search tasks. This lecture investigates the who, what, where, when and why of collaborative search, and gives insight in how emerging solutions can address collaborators' needs.
|
| 650 |
|
0 |
|a Internet searching.
|
| 650 |
|
0 |
|a Information behavior.
|
| 700 |
1 |
|
|a Teevan, Jaime.
|
| 830 |
|
0 |
|a Synthesis lectures on information concepts, retrieval, and services ;
|v #14.
|
| 945 |
|
|
|a PromptCat
|
| 948 |
|
|
|a cataloged
|b h
|c 2010/6/11
|d c
|e dmitchel
|f 10:30:20 am
|
| 994 |
|
|
|a C0
|b TXA
|
| 999 |
|
|
|a MARS
|
| 999 |
f |
f |
|s ac5ffb10-fc3a-3cc2-8e5c-d4123937dfb9
|i ef4477e2-1890-3249-8aae-f4c64aee91a1
|t 0
|
| 952 |
f |
f |
|p ric
|a Texas A&M University
|b Rellis Campus
|c Joint Library Facility
|d Remote Storage
|t 0
|e ZA4230 .M67 2010
|h Library of Congress classification
|i unmediated -- volume
|m A14840234808
|
| 998 |
f |
f |
|a ZA4230 .M67 2010
|t 0
|l Remote Storage
|